000 00696nam a2200193Ii 4500
003 JO-AjNU
008 230605s9999||||xx |||||||||||||| ||und||
040 _aJO-AjNU
_bara
_erda
_cJO-AjNU
041 _aara
050 1 4 _aDS154.55.Z36 1995
100 3 _aمحمد، حسن,
_eauthor
_919382
245 0 0 _aالحسين ملك يصنع التاريخ، الجزء الثاني
264 3 1 _aعمان: مركز الفارس ، 1995
300 _aج2 ، 284ص
_bصور توضيحية
336 _atext
_btxt
_2rdacontent
337 _aunmediated
_bn
_2rdamedia
338 _avolume
_bnc
_2rdacarrier
650 4 _aالاردن-تاريخ معاصر -عهد الملك الحسين بن طلال
_919383
999 _aA6387
_c9955
_d9955